Góngora y la poesía portuguesa del siglo XVII

Salvato in:
Dettagli Bibliografici
Autore principale: Ares Montes, José
Natura: Libro
Lingua:Undetermined
Pubblicazione: Madrid, España Gredos 1956
Soggetti:
Tags: Aggiungi Tag
Nessun Tag, puoi essere il primo ad aggiungerne!!

MARC

LEADER 00000nam a2200000Ia 4500
008 170316s9999 xx 000 0 und d
090 |a 801 A-27g 
100 |a Ares Montes, José 
245 |a Góngora y la poesía portuguesa del siglo XVII 
260 |a Madrid, España 
260 |b Gredos 
260 |c 1956 
300 |a 493 páginas 
650 |a TEORÍA LITERARIA 
650 |a LITERATURA PORTUGUESA 
650 |a LUIS DE GONGORA Y ARGOTE 
650 |a LENGUA POÉTICA 
999 |c 20030  |d 20030 
040 |a cru BVZT 
942 |c 15 D  |h 801 A-27g  |2 z